004750000a2200169000450000500170000094200090001710000120002624500510003825000110008926000300010030000110013004000080014136500120014965000390016199900190020095200860021920120302064640.0 cBOOK a abc a Shoonya Te Shambhar Aakdyanchya Hajar Mauja . a 1 st. aPune: Varada Books , 1991 a198 p. amar bRs.40/- aSankirna / Anka / Aakade / Sankhya c362710d362707 00104070aIOSbIOSd2009-12-02l0pIOS-M 23764r2009-12-02 00:00:00w2009-12-02